[Event "Rapides Erevan 2007-5ème"]
[Site "Yerevan ARM"]
[Date "2007.05.06"]
[Round "5"]
[White "KRAMNIK, Vladimir"]
[Black "ARONIAN, Levon"]
[Result "1/2-1/2"]
[WhiteElo "2772"]
[BlackElo "2759"]
[PlyCount "94"]
[EventDate "2007.05.04"]

1. d4 Nf6 2. c4 e6 3. g3 c5 4. d5 exd5 5. cxd5 b5 6. Nd2 Nxd5 7. Bg2 Nc7 8.
Bxa8 Nxa8 9. b4 c4 10. a4 Bxb4 11. Qc2 Bb7 12. Ngf3 a6 13. axb5 axb5 14. Qb2
Qf6 15. Qxb4 Qxa1 16. O-O Qa6 17. Bb2 f6 18. Ba3 d6 19. Nd4 Nc7 20. Rb1 O-O 21.
Nxc4 bxc4 22. Qxb7 Qxa3 23. Qxc7 Qc5 24. Rb7 Qxc7 25. Rxc7 d5 26. Nf5 Na6 27.
Rxg7+ Kh8 28. Ra7 Nb4 29. Rc7 h5 30. Kg2 Re8 31. e3 Nd3 32. f4 Ra8 33. Kh3 Ra5
34. Kh4 Rc5 35. Rd7 Kg8 36. Kxh5 Kf8 37. Nd6 c3 38. Kg6 Rc6 {%08DA} 39. Kxf6 (
39. Rf7+ {%05Ici, Kramnik laisse passer la victore, il avait un mat en
quelques coups par:} Kg8 40. Re7 {menace mat au coup suivant} Rc8 41. Rg7+ Kf8
42. Kh7 {menace encore mat en un!} Ne5 43. fxe5 Re8 44. Rf7#) 39... Kg8 40. Kg6
Kf8 41. Kf6 Kg8 42. g4 Nc5 43. Rd8+ Kh7 44. Kf7 {Maintenant, renversement
complet de situation, ce sont les noirs qui sont gagnants.  %08DA} Rc7+ (44...
c2 45. g5 {les blancs menacent mat en deux! Mais:} Rc7+ 46. Kf6 Rg7 47. f5 Rxg5
48. Rc8 c1=Q {Et les blancs doivent abandonner!}) 45. Kf6 Rc6 46. Kf7 Rc7+ 47.
Kf6 Rc6 {Que prouve cette partie? Rien que l'on ne sache déjà et qui est du
bon sens même: plus le rythme s'accélère, plus la partie devient une loterie,
violant ainsi l'essence même du jeu réputé pour être un jeu où le hasard ne
joue aucun rôle, ou plus exactement un rôle limité. Il est certain qu'en
rythme de partie longue, Kramnik aurait choisi la bonne suite au 39ème coup et
Aronian de même au 44ème coup.} 1/2-1/2

[Event "Coupe Ligue-Tournefeuille-Auch"]
[Site "?"]
[Date "2007.05.06"]
[Round "?"]
[White "GOLIC, Nadil"]
[Black "LACROIX, Romain"]
[Result "1/2-1/2"]
[WhiteElo "2000"]
[BlackElo "2147"]
[PlyCount "132"]
[EventDate "2007.??.??"]

1. d4 d5 2. c4 e6 3. Nf3 Nf6 4. Nc3 c6 5. e3 Nbd7 6. Bd3 dxc4 7. Bxc4 b5 8. Bd3
a6 9. O-O c5 10. Ne4 c4 11. Nxf6+ Nxf6 12. Bc2 Bb7 13. Qe2 Qd5 14. Rd1 Bd6 15.
Ne1 Bc7 16. f3 Qh5 17. g3 O-O 18. e4 Rfd8 19. Qf2 Bb6 20. Be3 b4 21. Ng2 Qb5
22. Nf4 a5 23. b3 c3 24. Bd3 Qe8 25. Bc4 {%08DA} Bxe4 {Romain se lance dans un
sacrifice qui lui donne deux pions pour la pièce sacrifiée. En prime, grâce à
la petite combinette qui suit deux pions passés en c3 et d4.} 26. fxe4 Ng4 27.
Qf3 Nxe3 28. Qxe3 e5 29. Ne2 exd4 30. Qd3 Ra7 31. Rf1 g6 32. Rf6 Rb8 33. Raf1
Rbb7 34. Bd5 Qe5 35. Bxb7 Rxb7 36. Kg2 (36. Rc6 Ba7 37. Nf4 Kg7 38. Nd5 f5 39.
exf5 Qxd5 40. f6+ Kh6 41. f7 Rxf7 42. Rxf7 Qxf7) 36... Bd8 37. Rc6 Rd7 38. Nf4
Bg5 39. Rc4 Kg7 40. Nd5 f5 41. Rxd4 fxe4 42. Qc4 c2 43. Qc8 Rd8 44. Qb7+ Kh6
45. Rf7 Rh8 46. Qd7 c1=Q 47. Qh3+ Bh4 48. Qxh4+ Qh5 49. Qxe4 Qb2+ 50. Rf2 {
Malgré leurs deux dames, les noirs ont une position inférieure (Shredder)}
Qxf2+ 51. Kxf2 Qxh2+ 52. Qg2 Rf8+ 53. Rf4 Qxg2+ 54. Kxg2 Rd8 55. Ne3 g5 56.
Rf6+ Kg7 57. Rf2 a4 58. bxa4 Ra8 59. Rb2 Rxa4 60. Nd5 h5 61. Nxb4 Kg6 {
En voyant cette position, on peut se dire que les blancs n'ont qu'à se baisser
pour ramasser le point. Mais.... %08DA} 62. Nd3 h4 {??} 63. g4 Rxg4+ 64. Kh2
Ra4 65. Nc5 Ra3 66. Ne4 Kf5 {Un peu déstabilisé par la bourde commise au 62ème
coup, le noir, propose nulle. C'était sans conséquence, le match était déjà
gagné par Tournefeuille!} 1/2-1/2

[Event "CHT GERS 2007"]
[Site "?"]
[Date "2007.04.15"]
[Round "3"]
[White "DUCRET, Thomas"]
[Black "WOLOSZYN, Florent"]
[Result "1-0"]
[WhiteElo "2197"]
[BlackElo "1995"]
[PlyCount "39"]
[EventDate "2007.??.??"]

1. e4 d6 2. d4 Nf6 3. f3 g6 4. c4 Bg7 5. Nc3 O-O 6. Bg5 c6 7. Qd2 e5 8. Nge2
Qc7 9. O-O-O Re8 10. Kb1 Nbd7 11. d5 c5 12. g4 a6 13. Ng3 Rb8 14. h4 Qa5 15. h5
b5 16. Bh6 Nf8 17. Bxg7 Kxg7 18. Nf5+ {%08DA} gxf5 {Suicidaire} (18... Bxf5 19.
exf5 bxc4 {les blancs sont mieux, mais rien n'est fait.}) 19. h6+ {%05après}
Kg8 20. Qg5+ {les blancs se font mater} 1-0

[Event "CHT GERS 2007"]
[Site "?"]
[Date "2007.04.15"]
[Round "3"]
[White "BERTHELOT, Nathan"]
[Black "BEAURAIN, Louis"]
[Result "1-0"]
[WhiteElo "1636"]
[BlackElo "1940"]
[PlyCount "99"]
[EventDate "2007.??.??"]

{Scanner échiquéen Les noirs viennent de jouer: 14......Nf6-Nd7 dans le but
louable de se débarrasser de ce maudit cavalier blanc en e5. Mais les blancs,
munis de leur longue vue voient tout de suite un joli petit coup tactique et
jouent quasiment à tempo:} 1. e4 e6 2. d4 d5 3. exd5 exd5 4. Bf4 Nf6 5. Bd3 Bd6
6. Bxd6 Qxd6 7. Nf3 O-O 8. O-O Nc6 9. c3 Re8 10. Qb3 b6 11. Nbd2 Ne7 12. Rae1
Bf5 13. Bxf5 Nxf5 14. Ne5 Nd7 {%08DA} 15. Ne4 {A y regarder de près, ce coup
n'a rien de dangereux, mais son originalité perturbe totalement les noirs et
semble les assomer.} dxe4 {
? rentre dans la combinaison des blancs et donc perd un pion central.} (15...
Qe7 {%05Il fallait garder son sang-froid et laisser venir les blancs par:} 16.
Qxd5 Nxe5 17. dxe5 Qxe5 18. Qxe5 Rxe5 19. f4 Rd5 {%02$14/= %08DA}) 16. Qxf7+
Kh8 17. Qxd7 Qxd7 18. Nxd7 Rad8 19. Ne5 Nd6 20. Nc6 Rd7 21. f3 e3 22. Ne5 Rxe5
23. dxe5 Nc4 24. Rd1 Nd2 25. Rfe1 Kg8 26. f4 Kf8 27. Rxe3 Nf3+ 28. gxf3 Rxd1+
29. Kf2 Ke7 30. f5 h6 31. Re4 c5 32. Re2 b5 33. Ke3 Rd5 34. Ke4 Rd1 35. Rg2 Kf8
36. Ke3 Rd5 37. f4 Rd1 38. Rd2 Re1+ 39. Kf2 Rb1 40. e6 Ke7 41. Kg3 Rg1+ 42. Kh3
Rf1 43. Rd5 Rxf4 44. Rxc5 a6 45. Kg3 Re4 46. Rc7+ Ke8 47. Ra7 Re2 48. Rxg7 Rxb2
49. f6 Kf8 50. e7+ 1-0

[Event "3rd M-Tel Masters"]
[Site "Sofia BUL"]
[Date "2007.05.20"]
[Round "10"]
[White "TOPALOV, Veselin"]
[Black "SASIKIRAN, Krishnan"]
[Result "1-0"]
[WhiteElo "2772"]
[BlackElo "2690"]
[PlyCount "117"]
[EventDate "2007.??.??"]

{ECHECS BRILLANTS L'AUDACE PAIE} 1. d4 Nf6 2. c4 e6 3. Nc3 Bb4 4. e3 b6 5. Bd3
Bb7 6. Nf3 O-O 7. O-O d5 8. a3 Bd6 9. cxd5 exd5 10. b4 Nbd7 11. b5 Ne4 12. Bb2
Re8 13. a4 Re6 14. Ne2 a5 15. Ba3 Rc8 16. Bxd6 cxd6 17. Rc1 Ndf6 18. h3 Re7 19.
Qb3 h6 20. Rxc8 Qxc8 21. Rc1 Rc7 22. Rxc7 Qxc7 23. Qc2 Qe7 24. Qc1 g6 25. Nh2
Kg7 26. h4 Ne8 27. f3 N4f6 28. Nf1 h5 29. Nf4 Nd7 30. Qe1 Nf8 31. Qg3 Kh6 {
Un coup surprenant qui n'est envisagé par aucun  programme. Un coup vraiment
humain, bien dans la  manière de Topalov. On dira ce qu'on voudra de ce 
joueur, mais il fait preuve d'une audace loin des calculs  d'apothicaire que
l'on voit trop souvent aux échecs.  Une façon de jouer qui nous réconcilie
avec les échecs! %08DA} 32. Nxh5 gxh5 33. Qg8 f5 {Shredder donne ici un léger
avantage aux noirs. Mais  Topalov joue sur la complexité de la position et sur
sa  force de calcul. Il va falloir travailler!} 34. Ng3 Ng7 35. Bxf5 Ng6 36.
Bxg6 Kxg6 37. Nxh5 Qxe3+ (37... Kxh5 {
%05Naturellement, le cavalier est imprenable, car si:} 38. Qh7#) 38. Kh2 Qe7 {
Apparemment; les noirs ont un avantage matériel: deux  pions pour la pièce.
Positionnellemnt il en va  différemment. Je ne sais pas si Topalov avait
calculé la  suite découlant de son sacrifice jusque là, mais si c'est  le cas,
alors bravol'artiste!} 39. Nf4+ Kf6 {Forcé, car si:} (39... Kf5 40. Qh7+ Kxf4
41. Qh6+ Kf5 42. g4#) 40. g4 Qf7 41. Qd8+ Qe7 42. Qg8 Qf7 43. Qd8+ Qe7 44.
Qxe7+ Kxe7 45. Kg3 {Pour la pièce, les blancs ont trois pions passé liés. La 
technique de Topalov va faire merveille, suivez la suite.} Ne6 46. Nxe6 Kxe6
47. f4 Bc8 48. f5+ Kf7 49. h5 Bd7 50. h6 Kg8 51. Kf4 Be8 52. Kg5 Kf7 53. h7 Kg7
54. h8=Q+ Kxh8 55. Kf6 Bxb5 56. Ke7 Bd3 57. f6 Bg6 58. f7 Bxf7 59. Kxf7 1-0

[Event "TARBES 2007"]
[Site "?"]
[Date "2007.04.07"]
[Round "3"]
[White "LACROIX, Romain"]
[Black "FEJZOVSKI, Enver"]
[Result "0-1"]
[WhiteElo "2147"]
[BlackElo "2142"]
[Annotator "Michko"]
[PlyCount "36"]
[EventDate "2007.??.??"]

1. e4 e5 2. Nf3 Nf6 3. Nxe5 Nc6 {?!  Un coup parrainé par l'illustre Howard
Staunton en 1857 mais qui n'a jamais rencontré beaucoup d'adeptes dans la
pratique moderne.Il faut dire que le maître avait perdu -en simultanée- lors
du baptème de ce coup pour le moins aventureux.} (3... d6 4. Nf3 Nxe4 5. Nc3 {
!?  est une variante à la mode pour tenter de déséquilibrer la solide défense
Pétroff (ou défense Russe) , dans le même style que le tandemStaunton-Fejzovski
- c'est à dire accepter un affaiblissement mineur de la structure de pions en
échange de l'activité- mais sans donner de pion!} (5. d4 d5 6. Bd3 Be7 {
est l'ancienne grande ligne , archi-analysée par les super-grands maîtres.})
5... Nxc3 6. dxc3 Be7 7. Bf4 (7. Be3) 7... O-O 8. Qd2 {
et les Blancs obtiennent une position à roques opposés relativement complexe.})
4. Nxc6 dxc6 5. Nc3 (5. d3 Bc5 6. Be2 {
après quoi les compensations des Noirs semblent bien maigres.} h5 7. c3 (7. h3
Qd4 8. Rf1 Be6 9. c3 Qd7 10. e5 Nd5 11. d4 Bb6 12. Bxh5 O-O-O 13. Bg4 c5 14.
Bxe6 Qxe6 15. Be3 f5 16. Bg5 Rd7 17. Qb3 cxd4 18. cxd4 Bxd4 19. f4 Qc6 20. Na3
Nc3 21. Qc2 Be3 22. bxc3 Bd2+ 23. Kf2 Qc5+ 24. Kg3 Qxa3 25. Rf3 {
1-0 NN-Staunton,H/London 1857}) 7... Bb6 8. Bf4 Ng4 9. d4 g5 10. Bg3 h4 11.
Bxg4 hxg3 12. fxg3 c5 13. Bxc8 Rxc8 14. dxc5 Qxd1+ 15. Kxd1 Bxc5 16. Nd2 Ke7
17. g4 Rh6 18. Kc2 Rch8 19. h3 Re6 20. Rae1 Bd6 21. Nf3 Bf4 22. Nd4 Ra6 23. a3
c5 24. Nf5+ Kf6 25. Rhf1 Ke6 26. Rf3 Rd8 27. Re2 Be5 28. Ne3 b5 29. Nd5 Ra4 30.
Rf5 f6 31. Rf1 Rc8 32. Rd1 Ra6 33. Rf1 b4 34. axb4 cxb4 35. Nxb4 Ra5 36. Nd3
Bxc3 37. bxc3 Ra3 38. Nb2 Raxc3+ 39. Kb1 a5 40. Rf3 Rc1+ 41. Ka2 Rg1 42. Ref2
Ke5 43. Rxf6 a4 44. R6f3 Ra8 45. Re2 a3 46. Rxa3 {
1-0 Tournier,M-Fejzovski,E/France 2006}) 5... Bc5 6. Be2 {
?!  Les Blancs rendent le pion...} h5 {
?!  ou !? et les Noirs ne le prennent pas car ils cherchent le KO.} (6... Qd4
7. O-O Nxe4 8. Bf3 Nxc3 {avec égalité.}) 7. h3 Qd4 8. O-O Ng4 {!?} (8... Nxe4 {
est encore possible.}) 9. hxg4 hxg4 10. g3 Qe5 {
L'objectif est simple: Mater sur la colonne "h".} 11. Kg2 {%08DA} Rh2+ {?} (
11... Bxf2 {!} 12. Kxf2 Rh2+ 13. Ke3 Qxg3+ 14. Bf3 (14. Kd4 Qd6+ 15. Nd5 cxd5
$17) 14... Qh4 (14... gxf3 {?!} 15. Qxf3 Qg5+ 16. Qf4 Rh3+ 17. Ke2 Bg4+ 18. Ke1
Qh4+ 19. Qf2 Qh5 20. d3 Rf3 21. Qg2 Qh4+ 22. Rf2 O-O-O {
avec des chances pratiques.})) 12. Kxh2 Qh5+ 13. Kg1 Be6 14. d3 (14. Re1 {!}
Bxf2+ 15. Kxf2 Qh2+ 16. Ke3 Qxg3+ 17. Bf3 $18) 14... O-O-O 15. Bg5 {!} Qh3 {!}
(15... Qxg5 {?} 16. Kg2 $18) 16. Bxd8 {??} (16. Bh4 Rh8 17. d4 (17. Na4 Rxh4)
17... Rxh4 18. gxh4 g3 19. fxg3 Qxg3+ 20. Kh1 Qh3+) 16... Qxg3+ 17. Kh1 Qh3+
18. Kg1 g3 {ouf! Quelle partie!} 0-1

[Event "TARBES 2007"]
[Site "?"]
[Date "2007.04.08"]
[Round "4"]
[White "CWIEK, Perrine"]
[Black "GARAUD, Alain"]
[Result "1-0"]
[WhiteElo "1744"]
[BlackElo "1834"]
[Annotator "Michko"]
[PlyCount "95"]
[EventDate "2007.??.??"]

1. e4 c6 2. d4 d5 3. Nc3 dxe4 4. Nxe4 Nd7 5. Nf3 Ngf6 6. Ng3 Qc7 7. Bd3 g6 8.
O-O Bg7 9. Re1 e6 10. Bg5 O-O 11. Qd2 b6 12. Bf4 Qd8 13. Ne4 Nxe4 14. Bxe4 Bb7
15. Rad1 Qc8 16. Bh6 c5 17. Bxg7 Kxg7 18. Qc3 Kg8 19. Qe3 Bxe4 20. Qxe4 Rd8 21.
Qh4 Nf8 22. Qf6 Rd5 23. Ne5 Qe8 24. Re3 Nd7 25. Nxd7 Qxd7 26. Red3 c4 27. Rh3
Rd8 28. c3 Rf5 29. Qh4 Rh5 30. Qg4 Rxh3 31. Qxh3 e5 32. Qxd7 Rxd7 33. Kf1 f5
34. Ke2 exd4 35. Rxd4 {Après une ouverture et un milieu de jeu assez calmes ,
on se retrouve devant une finale de tours qui aurait du rester sans grand
suspense...  %08DA} Rxd4 {?  Mais Alain Garaud, probablement anesthésié par
les échanges précédents se laisse aller à jouer un coup qui semble bon - en
général il vaut mieux avoir une majorité éloignée qu'un pion central isolé en
finale de roi- et qui, en fait, saborde complètement sa position.} (35... Rc7)
36. cxd4 Kf7 37. d5 {!  Le seul coup qui donne l'avantage aux Blancs. Perrine
se réveille et va jouer la finale avec une précision exemplaire.} Ke7 (37...
Kf6 38. f4 {!} g5 39. g3 gxf4 40. gxf4 Ke7 41. Ke3 Kd6 42. Kd4 b5 {On s'aperçoi
t qu'en fait, la redoutable majorité éloignée est très faible et que les coups
de sape du pion "a" de Perrine vont se révéler décisifs.} 43. a3 a6 44. h4 h5
45. a4 $18) 38. Ke3 Kd6 39. Kd4 b5 40. h4 h6 (40... f4 41. a3 a6 42. a4 h6 43.
f3 h5 44. a5 Kd7 45. Ke5 Ke7 46. Kxf4 $18) 41. f4 a6 42. g3 a5 (42... h5 43. a4
{toujours cette configuration spécifique qui permet de jouer le pion"a" aux 2
cases a3 et a4 suivant le besoin.} Kd7 44. axb5 axb5 45. Kc5) 43. a4 $22 c3 44.
bxc3 bxa4 45. c4 a3 46. c5+ Ke7 47. Kc3 a4 48. Kc2 {Ayant érigé un barrage
contre son collègue Noir, le roi Blanc va tranquillement chercher à pied les
restes de l'armée ennemie.} 1-0